000 01096nam a2200277Ia 4500
003 OSt
005 20221005104656.0
006 a|||||r|||| 00| 0
007 ta
008 221004b |||||||| |||| 00| 0 hin d
020 _a9789380651637 (hbk)
_c100
024 _a13823
037 _b693/1, 28/02/2014, Vidyanidhi Prakashan
_cTextual
040 _aCRL
_cCRL
_bhin
041 _2hin
_ahin
082 _aR625, 152Q3
100 _aसत्यमूर्ति
245 0 _aभारतीय दर्शन में तर्कमीमांसा
246 _aBhāratīya darshan mean tarkamīmāansā
260 _aदिल्ली
_bविद्यानिधि प्रकाशन भारत
_c2013
300 _a73पृ0
_ccm.
650 _aभारतीय दर्शन
700 _a झा, रतीशचन्द्र, अनु.
_9160716
942 _hR625, 152Q3
_cTEXL
_2cc
999 _c1013461
_d1013461